Los orígenes de la civilización

Shranjeno v:
Bibliografske podrobnosti
Glavni avtor: Lubbock, John (autor)
Format: Knjiga
Jezik:španščina
Izdano: Madrid El Progreso 1888
Teme:
Oznake: Označite
Brez oznak, prvi označite!

MARC

LEADER 00000nam a2200000 a 4500
001 UCP8517
003 CL-VaPUC
008 000303e18880000SP |||||||||||||||||spa|d
082 0 4 |a 930  |b LUB  |2 21 
100 |a Lubbock, John  |e autor  |9 514829 
245 1 4 |a Los orígenes de la civilización 
300 |a 476 p 
942 |c BK 
945 |d 20000303 00:00:00  |a rherrera 
260 |a Madrid  |b El Progreso  |c 1888 
650 0 |a Civilizaciones antiguas  |9 265998 
650 0 |a Prehistoria  |9 316557 
650 7 |a ORIGENES  |2 CL-VaPUC  |9 367418 
650 0 |a Arte  |9 265238 
650 0 |a Religión   |9 255164 
650 7 |a COSTUMBRES  |2 CL-VaPUC  |9 337506 
583 |a last modification  |c 20000303 00:00:00  |k Rodrigo Vera 
999 |c 285409  |d 285407 
952 |0 0  |1 0  |4 0  |6 930_000000000000000_LUB_1888  |7 0  |8 X  |9 330027  |a BIBHIS  |b BIBHIS  |d 2019-11-20  |i 1392166  |o 930 LUB 1888  |p 1392166  |r 2024-01-30  |w 2019-11-20  |y BK_X  |k HIS